000 01196nam a2200337 4500
003 OSt
005 20260530113902.0
008 260505b2013 |||||||| |||| 00| 0 eng d
020 _a9786074372663
020 _a9786074372670
040 _aICI
_bspa
_cICI
041 _aspa
050 4 _aTT28
_bH366 2013
100 1 _aHaro, Fernando de,
_eautor
_932418
245 1 0 _aMéxico hecho a mano /
_cFernando de Haro & Omar Fuentes ; texto original de Abraham Orozco ; traducción de Louis Loizides ; fotografía de Carlos Hahn
246 3 3 _aMexico handcrafted art
250 _aEdición especial
264 1 _bEdición Especial AM Editores
_c2013
300 _a324 páginas :
_bilustraciones a color
336 _atexto
_2rdacontent
337 _asin medio
_2rdamedia
338 _avolumen
_2rdacarrier
500 _aTexto en español e inglés
650 4 _aArtesanías
_vObras ilustradas
_zMéxico
_932419
650 4 _aArte mexicano
_vObras ilustradas
_932420
700 1 _aFuentes Elizondo, Omar,
_eautor
_932421
700 1 _aOrozco Gonzalez, Abraham,
_eautor
_932422
700 1 _aHahn, Carlos,
_eilustrador
_932423
700 1 _aLoizides, Louis,
_etraductor
_932424
942 _2lcc
_cBK
_n1
999 _c11818
_d11818